[Event "Hamburg-ch Seniors 65+ op 26th"]
[Site "Hamburg"]
[Date "2019.11.15"]
[Round "5"]
[White "Tscherepanov, Leon"]
[Black "Geissler, Karl Heinz"]
[Result "1/2-1/2"]
[WhiteElo "1722"]
[BlackElo "1582"]
[PlyCount "121"]
[EventDate "2019.11.11"]
[EventType "swiss"]
[EventRounds "9"]
[EventCountry "GER"]
[SourceTitle "EXT 2022"]
[Source "ChessBase"]
[SourceDate "2021.10.06"]
[SourceVersion "1"]
[SourceVersionDate "2021.10.06"]
[SourceQuality "1"]

1. d4 d5 2. c4 c6 3. e3 Nf6 4. Nc3 Bf5 5. Qb3 Qb6 6. Qxb6 axb6 7. cxd5 Nxd5 8. Nxd5 cxd5 9. Nf3 Bd7 10. Bd3 e6 11. Bd2 Nc6 12. 0-0 Be7 13. a3 0-0 14. Rac1 Rfc8 15. Rc3 Na5 16. Rfc1 Rxc3 17. Rxc3 Rc8 18. Ne5 Rxc3 19. Bxc3 Be8 20. b4 Nc6 21. f4 f6 22. Nf3 Bg6 23. Bxg6 hxg6 24. g4 Kf7 25. h3 Bd6 26. Kg2 b5 27. h4 Ne7 28. Kh3 Kf8 29. Be1 Kf7 30. Bg3 Nc8 31. Nd2 Nb6 32. Nb1 Nc4 33. Bf2 Bb8 34. Kg2 Ke7 35. Kf3 f5 36. g5 Kd7 37. Be1 Kc6 38. Bd2 Bd6 39. Bc1 Be7 40. Nc3 Nb6 41. Kg3 Bf8 42. Kh3 Be7 43. Ne2 Nc4 44. Ng1 Bd6 45. Nf3 Kd7 46. Ng1 Ke7 47. Ne2 Kd7 48. Ng3 Ke7 49. Ne2 Kd7 50. Ng1 Ke7 51. Nf3 Kf7 52. Kg2 Ke7 53. Kf2 Kd7 54. Ke2 Ke7 55. Kd3 Kd7 56. Kc3 Kc6 57. Kb3 Be7 58. Ng1 Bd6 59. Ne2 Be7 60. Nc3 Bf8 61. Kc2 1/2-1/2

[Event "SVE Seniors op 2nd"]
[Site "Eidelstedt"]
[Date "2019.07.31"]
[Round "6"]
[White "Grimm, Uwe"]
[Black "Tscherepanov, Leon"]
[Result "1-0"]
[WhiteElo "2069"]
[BlackElo "1729"]
[PlyCount "103"]
[EventDate "2019.07.15"]
[EventType "swiss"]
[EventRounds "7"]
[EventCountry "GER"]
[SourceTitle "EXT 2020"]
[Source "ChessBase"]
[SourceDate "2019.10.17"]
[SourceVersion "1"]
[SourceVersionDate "2019.10.17"]
[SourceQuality "1"]

1. f4 d5 2. Nf3 g6 3. e3 Bg7 4. d4 Nf6 5. Bd3 c5 6. c3 c4 7. Bc2 0-0 8. 0-0 Nc6 9. b3 a6 10. bxc4 dxc4 11. e4 e6 12. Kh1 b5 13. Ne5 Bb7 14. Ba3 Re8 15. Qe1 Qc7 16. Nd2 Rad8 17. Ndf3 h6 18. Bb2 Ne7 19. a4 Nh5 20. Bc1 f5 21. axb5 axb5 22. Nh4 Kh7 23. Qe2 Nf6 24. Nhxg6 Nxg6 25. exf5 Nf8 26. fxe6+ Kg8 27. f5 Ra8 28. Rb1 Ra2 29. Rxb5 Be4 30. Bb2 Bxc2 31. Qxc2 Rb8 32. Rb4 Rxb4 33. cxb4 Nd5 34. Qxc4 Qxc4 35. Nxc4 Bf6 36. b5 Ne3 37. Nxe3 Rxb2 38. Nd5 Bxd4 39. e7 Kf7 40. exf8Q+ Kxf8 41. Nc7 Bb6 42. Nd5 Rxb5 43. Nxb6 Rxb6 44. g4 Kf7 45. Kg2 Kf6 46. Kg3 Rb3+ 47. Rf3 Rb1 48. h3 h5 49. Rf2 Rb8 50. Rf3 Rb1 51. Kh4 Rb8 52. g5+ 1-0

[Event "Harburg-chD 13th"]
[Site "Hamburg"]
[Date "2018.08.04"]
[Round "3"]
[White "Raedisch, Peter"]
[Black "Tscherepanov, Leon"]
[Result "0-1"]
[WhiteElo "1606"]
[BlackElo "1776"]
[PlyCount "68"]
[EventDate "2018.08.03"]
[EventType "tourn"]
[EventRounds "5"]
[EventCountry "GER"]
[SourceTitle "EXT 2019"]
[Source "ChessBase"]
[SourceDate "2018.10.10"]
[SourceVersion "1"]
[SourceVersionDate "2018.10.10"]
[SourceQuality "1"]

1. e4 e6 2. d4 d5 3. exd5 exd5 4. Nf3 Nf6 5. Be2 Bd6 6. h3 0-0 7. 0-0 Bf5 8. Ne5 Nbd7 9. f4 Ne4 10. Qe1 c6 11. Nc3 Ndf6 12. Bf3 Nxc3 13. Qxc3 Be4 14. a3 Bxf3 15. Qxf3 Ne4 16. c4 Be7 17. c5 Bh4 18. Qg4 Ng3 19. Re1 h5 20. Qf3 g6 21. Rd1 Kg7 22. Bd2 Nf5 23. Bc3 f6 24. g4 fxe5 25. gxf5 e4 26. Qg2 Rxf5 27. Rf1 Qf6 28. Rad1 Rf8 29. Be1 Bxe1 30. Rfxe1 Rxf4 31. Rf1 Rxf1+ 32. Qxf1 Qg5+ 33. Qg2 Qe3+ 34. Kh1 Qf2 0-1

[Event "Hamburg CC Easter op 4th"]
[Site "Hamburg"]
[Date "2018.03.31"]
[Round "4"]
[White "Ornebjerg, Henrik"]
[Black "Tscherepanov, Leon"]
[Result "0-1"]
[WhiteElo "1629"]
[BlackElo "1775"]
[PlyCount "42"]
[EventDate "2018.03.30"]
[EventType "swiss"]
[EventRounds "7"]
[EventCountry "GER"]
[SourceTitle "CBM 183 Extra"]
[Source "ChessBase"]
[SourceDate "2018.04.19"]
[SourceVersion "1"]
[SourceVersionDate "2018.04.19"]
[SourceQuality "1"]

1. e4 e6 2. d4 d5 3. Nd2 Nf6 4. e5 Nfd7 5. Nb3 c5 6. Be3 cxd4 7. Bxd4 Nc6 8. Nf3 Nxd4 9. Nbxd4 a6 10. Be2 Qc7 11. 0-0 Nxe5 12. Nxe5 Qxe5 13. f4 Qd6 14. Qd2 g6 15. c3 Bg7 16. Rf3 0-0 17. Raf1 Qb6 18. Kh1 Bd7 19. Rg3 Qc7 20. Nf3 Bh6 21. Ne5 Qxe5 0-1

[Event "Hamburg CC Easter op 3rd"]
[Site "Hamburg"]
[Date "2017.04.16"]
[Round "5"]
[White "Kort, Felix"]
[Black "Tscherepanov, Leon"]
[Result "0-1"]
[WhiteElo "1572"]
[BlackElo "1809"]
[PlyCount "66"]
[EventDate "2017.04.14"]
[EventType "swiss"]
[EventRounds "7"]
[EventCountry "GER"]
[SourceTitle "EXT 2020"]
[Source "ChessBase"]
[SourceDate "2019.10.17"]
[SourceVersion "1"]
[SourceVersionDate "2019.10.17"]
[SourceQuality "1"]

1. d4 e6 2. c4 d5 3. Nc3 c6 4. Nf3 dxc4 5. e4 b5 6. a4 Bb4 7. Bd2 Bb7 8. axb5 Bxc3 9. Bxc3 cxb5 10. d5 Nf6 11. dxe6 Qxd1+ 12. Rxd1 Bxe4 13. exf7+ Ke7 14. Ne5 Nc6 15. Nxc6+ Bxc6 16. Bxf6+ gxf6 17. f3 Kxf7 18. Kf2 Rhe8 19. g3 Re7 20. Bg2 Rae8 21. Rhe1 Rxe1 22. Rxe1 Rxe1 23. Kxe1 Ke7 24. Kd2 Kd6 25. Kc3 Kc5 26. h4 b4+ 27. Kc2 Kd4 28. h5 h6 29. g4 Bd5 30. f4 Bxg2 31. g5 fxg5 32. fxg5 Be4+ 33. Kd2 hxg5 0-1

[Event "Hamburg-ch cand"]
[Site "Hamburg"]
[Date "2016.05.19"]
[Round "6"]
[White "Tscherepanov, Leon"]
[Black "Becker Bertau, Friedrich"]
[Result "1/2-1/2"]
[WhiteElo "1840"]
[BlackElo "1848"]
[PlyCount "67"]
[EventDate "2016.05.14"]
[EventType "swiss"]
[EventRounds "9"]
[EventCountry "GER"]
[SourceTitle "EXT 2018"]
[Source "ChessBase"]
[SourceDate "2017.10.13"]
[SourceVersion "1"]
[SourceVersionDate "2017.10.13"]
[SourceQuality "1"]

1. d4 Nf6 2. c4 g6 3. Nc3 Bg7 4. Nf3 d6 5. e4 0-0 6. h3 c5 7. d5 Nbd7 8. Be2 b5 9. cxb5 a6 10. 0-0 axb5 11. Bxb5 Ba6 12. Qc2 Bxb5 13. Nxb5 Qa5 14. a4 Rfc8 15. Bd2 Qa6 16. Rfe1 Nb6 17. Nc3 Nfd7 18. b3 c4 19. b4 Bxc3 20. Bxc3 Nxa4 21. Ra2 Ndb6 22. Rea1 Qb5 23. Nd4 Qd7 24. Nc6 Nxc3 25. Qxc3 Rxa2 26. Rxa2 e6 27. Qf6 Rc7 28. Qd4 exd5 29. exd5 Rb7 30. b5 h6 31. Ra6 Qc7 32. Ra3 Kh7 33. Re3 Qc8 34. Ra3 1/2-1/2

[Event "Hamburg-ch cand"]
[Site "Hamburg"]
[Date "2016.05.16"]
[Round "3"]
[White "Hildebrandt, Alexander"]
[Black "Tscherepanov, Leon"]
[Result "0-1"]
[WhiteElo "1674"]
[BlackElo "1840"]
[PlyCount "114"]
[EventDate "2016.05.14"]
[EventType "swiss"]
[EventRounds "9"]
[EventCountry "GER"]
[SourceTitle "EXT 2018"]
[Source "ChessBase"]
[SourceDate "2017.10.13"]
[SourceVersion "1"]
[SourceVersionDate "2017.10.13"]
[SourceQuality "1"]

1. e4 e6 2. d4 d5 3. Nc3 Nf6 4. Bg5 Bb4 5. e5 h6 6. exf6 hxg5 7. fxg7 Rg8 8. Qd2 c5 9. a3 Bxc3 10. Qxc3 c4 11. g3 Nc6 12. Bg2 Rxg7 13. 0-0-0 Qd6 14. Qf3 Bd7 15. Qf6 Qf8 16. h4 Rg6 17. Qf3 gxh4 18. Rxh4 0-0-0 19. Ne2 Rh6 20. Rdh1 Rxh4 21. Rxh4 Qg7 22. c3 Na5 23. Kd2 Nb3+ 24. Ke3 Qg6 25. Nf4 Qb1 26. Qe2 Qc1+ 27. Kf3 Nd2+ 28. Ke3 Ne4+ 29. Kf3 Ng5+ 30. Kg4 f6 31. Kh5 Qb1 32. Ng6 Be8 33. Be4 Nxe4 34. Rxe4 Bxg6+ 35. Kxg6 Qxe4+ 36. Qxe4 dxe4 37. Kxf6 Kd7 38. Ke5 e3 39. fxe3 Rg8 40. Kf4 Kd6 41. e4 b5 42. g4 Rf8+ 43. Kg3 Ke7 44. g5 Kf7 45. Kf4 Kg6+ 46. Ke5 Re8 47. Kd6 Kf7 48. Kc6 Rb8 49. d5 exd5 50. exd5 Rb6+ 51. Kc5 Ke7 52. d6+ Rxd6 53. Kxb5 Rb6+ 54. Kxc4 Rxb2 55. a4 Kd6 56. a5 Kc6 57. Kd4 Rg2 0-1

[Event "Hamburg-ch MB"]
[Site "Hamburg"]
[Date "2015.05.26"]
[Round "4"]
[White "Tscherepanov, Leon"]
[Black "Glodowski, Marek"]
[Result "0-1"]
[WhiteElo "1835"]
[BlackElo "1973"]
[PlyCount "72"]
[EventDate "2015.05.23"]
[EventType "swiss"]
[EventRounds "9"]
[EventCountry "GER"]
[SourceTitle "EXT 2022"]
[Source "ChessBase"]
[SourceDate "2021.10.06"]
[SourceVersion "1"]
[SourceVersionDate "2021.10.06"]
[SourceQuality "1"]

1. d4 Nf6 2. c4 e6 3. Nc3 Bb4 4. Nf3 0-0 5. e3 b6 6. Be2 Bb7 7. 0-0 Re8 8. Bd2 Nc6 9. a3 Bf8 10. d5 exd5 11. cxd5 Nb8 12. Bc4 d6 13. Re1 Nbd7 14. b4 g6 15. e4 Bg7 16. Rc1 Ng4 17. Bg5 Qc8 18. Bd3 a6 19. Be2 Ngf6 20. Bd3 h6 21. Be3 Ng4 22. Bf4 Qd8 23. h3 Nge5 24. Bf1 Qf6 25. Bg3 Re7 26. Nxe5 Nxe5 27. f4 Nd7 28. e5 dxe5 29. Ne4 Qf5 30. Rxc7 exf4 31. Rxb7 fxg3 32. Nxg3 Rxe1 33. Qxe1 Qxd5 34. Bxa6 Rxa6 35. Qe8+ Nf8 36. Ne4 Qxb7 0-1

[Event "Hamburg-ch MB"]
[Site "Hamburg"]
[Date "2015.05.23"]
[Round "1"]
[White "Stolzenwald, Frank"]
[Black "Tscherepanov, Leon"]
[Result "0-1"]
[WhiteElo "1704"]
[BlackElo "1835"]
[PlyCount "58"]
[EventDate "2015.05.23"]
[EventType "swiss"]
[EventRounds "9"]
[EventCountry "GER"]
[SourceTitle "EXT 2022"]
[Source "ChessBase"]
[SourceDate "2021.10.06"]
[SourceVersion "1"]
[SourceVersionDate "2021.10.06"]
[SourceQuality "1"]

1. e4 e6 2. c4 Ne7 3. d4 d5 4. cxd5 exd5 5. e5 c6 6. Bg5 Qb6 7. Bxe7 Bxe7 8. Qd2 Bf5 9. Nc3 0-0 10. Na4 Qc7 11. Bd3 Bxd3 12. Qxd3 Bb4+ 13. Nc3 f6 14. f4 fxe5 15. fxe5 Qa5 16. Nf3 Na6 17. a3 Be7 18. b4 Bxb4 19. Kd2 Be7 20. Ke2 Nc7 21. Rhb1 Ne6 22. g3 Qc7 23. Rc1 Qd7 24. Nd1 Ng5 25. Nxg5 Bxg5 26. Ne3 Qh3 27. Rh1 Bxe3 28. Qxe3 Qg2+ 29. Kd3 Rf3 0-1

[Event "GER Seniors Derby 13th"]
[Site "Wesel Undeloh"]
[Date "2014.05.11"]
[Round "9"]
[White "Kobs, Gerald"]
[Black "Tscherepanov, Leon"]
[Result "1/2-1/2"]
[WhiteElo "1931"]
[BlackElo "1671"]
[PlyCount "40"]
[EventDate "2014.05.07"]
[EventType "swiss"]
[EventRounds "9"]
[EventCountry "GER"]
[SourceTitle "EXT 2018"]
[Source "ChessBase"]
[SourceDate "2017.10.13"]
[SourceVersion "1"]
[SourceVersionDate "2017.10.13"]
[SourceQuality "1"]

1. e4 e6 2. d4 d5 3. exd5 exd5 4. Nf3 Bd6 5. Bd3 Nf6 6. 0-0 0-0 7. Re1 Bg4 8. h3 Bh5 9. Bg5 Nbd7 10. Nbd2 c6 11. c3 h6 12. Bxf6 Qxf6 13. Qc2 Bg6 14. Bxg6 fxg6 15. Re2 Rae8 16. Rae1 Rxe2 17. Rxe2 g5 18. Nf1 g6 19. Qd1 Rf7 20. Qe1 Re7 1/2-1/2

[Event "GER Seniors Derby 13th"]
[Site "Wesel Undeloh"]
[Date "2014.05.10"]
[Round "8"]
[White "Tscherepanov, Leon"]
[Black "Keeve, Martin"]
[Result "0-1"]
[WhiteElo "1671"]
[BlackElo "1761"]
[PlyCount "80"]
[EventDate "2014.05.07"]
[EventType "swiss"]
[EventRounds "9"]
[EventCountry "GER"]
[SourceTitle "EXT 2018"]
[Source "ChessBase"]
[SourceDate "2017.10.13"]
[SourceVersion "1"]
[SourceVersionDate "2017.10.13"]
[SourceQuality "1"]

1. d4 d5 2. c4 c6 3. e3 Nf6 4. Nc3 Nbd7 5. Nf3 e6 6. Bd3 Bd6 7. Qc2 0-0 8. Bd2 h6 9. Rc1 Re8 10. cxd5 exd5 11. 0-0 Nf8 12. Rfe1 Bg4 13. e4 dxe4 14. Nxe4 Bxf3 15. gxf3 Ne6 16. Be3 Nd5 17. Kh1 Nef4 18. Rg1 Nb4 19. Qd2 Nbxd3 20. Rc3 Re6 21. Rxd3 Nxd3 22. Qxd3 Qh4 23. Nxd6 Rxd6 24. Qc3 Rd5 25. Rg4 Qh5 26. Qc1 Kh7 27. Qc2+ g6 28. Qe4 Qf5 29. Rh4 h5 30. Qe7 Qxf3+ 31. Kg1 c5 32. Rf4 Qd1+ 33. Kg2 Rf5 34. h3 Rxf4 35. Bxf4 Qxd4 36. Qxf7+ Qg7 37. Qd5 Rc8 38. Be5 Qe7 39. Bf6 Qc7 40. Be5 Qc6 0-1

[Event "GER Seniors Derby 13th"]
[Site "Wesel Undeloh"]
[Date "2014.05.10"]
[Round "7"]
[White "Tscherepanov, Leon"]
[Black "Vonhoff, Joerg"]
[Result "1-0"]
[WhiteElo "1671"]
[BlackElo "1659"]
[PlyCount "85"]
[EventDate "2014.05.07"]
[EventType "swiss"]
[EventRounds "9"]
[EventCountry "GER"]
[SourceTitle "EXT 2018"]
[Source "ChessBase"]
[SourceDate "2017.10.13"]
[SourceVersion "1"]
[SourceVersionDate "2017.10.13"]
[SourceQuality "1"]

1. d4 Nf6 2. c4 g6 3. Nc3 d5 4. e3 Bg7 5. Nf3 0-0 6. Qb3 e6 7. Be2 b6 8. 0-0 Bb7 9. Bd2 Nbd7 10. c5 c6 11. Na4 b5 12. Nc3 Qc7 13. a4 a6 14. Rac1 e5 15. axb5 axb5 16. Qc2 e4 17. Ne1 Ne8 18. f3 f5 19. Nxd5 cxd5 20. c6 Ba6 21. cxd7 Qxd7 22. Qb3 Nf6 23. Nc2 Rab8 24. Nb4 Bc8 25. Rc5 exf3 26. gxf3 Qf7 27. Rfc1 Be6 28. Nc6 Nd7 29. Nxb8 Nxc5 30. Rxc5 Rxb8 31. Rxb5 Ra8 32. Rb8+ Rxb8 33. Qxb8+ Bf8 34. Bb4 Kg7 35. Qe5+ Kg8 36. Qb8 Kg7 37. Qe5+ Kg8 38. Bxf8 Kxf8 39. b4 Qd7 40. b5 Ke7 41. Kg2 Kd8 42. b6 Qc6 43. b7 1-0